Bl thaï - guess the character medium - Statistics

General Stats
  • This quiz has been taken 8 times
  • The average score is 5 of 15
Answer Stats
Serie Actor Character % Correct
Thamepo Hong Pichetpong Chiradatesakunvong Dylan
88%
We are Boom Tharatorn Jantharaworakarn Fang
63%
Memoir of rati Aou Thanaboon Kiatniran Mek
63%
Only friend : dream on Sood Yacht Patsit Permpoonsavat Timmy
63%
Heads 2 heads Surf Patchara Silapasoonthorn Farm
38%
Only boo ! Sea Dechchart Tasilp Kang
38%
Love you teacher Sammy Melanie Coates Sodchuen
38%
Boss and a babe Mike Chinnarat Siriphongchawalit Jack
13%
Top form Smart Chitsanupong Puangmanee Jin
13%
Bad buddy Love Pattranite Limpatiyakorn Pa
13%
Step by step Ben Bunyapol Likhitamnuayporn Pat
13%
Boys in love Mick Metas Opas-iamkajorn Shane
13%
The eclipse Aj Chayapol Jutamas Wasuwat
13%
Big dragon ISBANKY Yai
13%
Wedding plan Sunny Wannarat Wattadalimma Lom | Sailom
0%
No matching quizzes found
Score Distribution
Percent of People with Each Score
Percentile by Number Answered
Your Score History
You have not taken this quiz